Terapia nutricia médica en ginecología y obstetricia /

Contenido: I) Generalidades: 1) Promoción de la salud en la mujer; II) Evaluación del estado de nutrición en la paciente ginecoobstétrica: 2) Tamizaje nutricio; 3) Evaluación clínica nutricia; 4) Valoración bioquímica nutricia; III) Planificación dietética en la paciente ginecoobstétrica: 5) Lineami...

Fuld beskrivelse

Guardado en:
Bibliografiske detaljer
Hovedforfatter: Elizondo Montemayor, Luz Leticia (autor)
Andre forfattere: Hernández Escobar, Claudia Eugenia (autor) (autor), Zamora Morales, María Teresa (autor) (autor)
Format: Bog
Sprog:spansk
Udgivet: México : McGraw-Hill, 2011, c2011
Fag:
Tags: Tilføj Tag
Ingen Tags, Vær først til at tagge denne postø!

MARC

LEADER 00000nam^a2200000^a^4500
001 000402554
005 20250521000000.0
009 20260310121715.854
020 |a 978-607-15-0447-0 
037 |a Acervo ITESO - Biblioteca 
041 |a ESP 
082 |a 612. 3  |b ELI 
100 |a Elizondo Montemayor, Luz Leticia  |e (autor) 
245 1 0 |a Terapia nutricia médica en ginecología y obstetricia /  |c L.L. Elizondo Montemayor; C.E. Hernández Escobar, M.T. Zamora Morales ; pról. de Martín V. Hernández Torre. 
264 4 |a México :  |b McGraw-Hill,  |c 2011, c2011 
300 |a XV, 470 p. 
336 |a texto  |b txt  |2 rdacontenido 
337 |a sin mediación  |b n  |2 rdamedio 
338 |a volumen  |b nc  |2 rdasoporte 
520 |a Contenido: I) Generalidades: 1) Promoción de la salud en la mujer; II) Evaluación del estado de nutrición en la paciente ginecoobstétrica: 2) Tamizaje nutricio; 3) Evaluación clínica nutricia; 4) Valoración bioquímica nutricia; III) Planificación dietética en la paciente ginecoobstétrica: 5) Lineamientos para la planificación dietética; 6) Macronutrimentos y micronutrimentos; 7) Cálculo dietético y planificación dietética IV) Nutrición en la preconcepción y el embarazo: 8) Nutrición y preconcepción; 9) Planificación dietética en el embarazo; 10) Ganancia de peso durante el embarazo; 11) Afecciones comunes en el embarazo y su relación con la nutrición; 12) Uso de fármacos y otras sustancias en el embarazo; 13) Ejercicio físico en el embarazo; V) Terapia nutricia médica en el embarazo de alto riesgo y en condiciones maternas normales; 14) Terapia nutricia médica en embarazo de alto riesgo; 15) Terapia nutricia médica en embarazo complicado; 16) Terapia nutricia médica en condiciones maternas especiales; 17) Embarazo en adolescentes y su nutrición; VI) Nutrición en el posparto y la lactancia: 18) Factores nutricionales en la depresión y pérdida de peso; 19) Nutrición en la lactancia materna; VII) Suplementos durante el embarazo y la lactancia: 20) Suplementos durante el embarazo y la lactancia. VIII) Nutrioterapia en la paciente adolescente: 21) La adolescente en desarrollo y su nutrición; 22) Terapia nutricia médica en adolescentes con síndrome de ovario poliquístico; IX) Nutrioterapia en la paciente en el climaterio-menopausia: 23) Nutrición en el climaterio y la menopausia; 24) Terapia nutricia médica en condiciones especiales durante el climaterio-menopausia. 25) Obesidad en el ciclo de vida; 26) Síndrome metabólico en el ciclo de vida; 27) Alimentos funcionales y la salud de la mujer; 28) Educación nutricional para la mujer en diversas etapas de la vida. 
521 |a EEnlace Departamento de Psicología, Educación y Salud 2018 
649 |a XX 
650 |a Mujeres 
650 |a Nutrición -  |x Trastornos 
650 |a Nutrición -  |x Tema Principal 
650 |a Dieta -  |x Tema Principal 
650 |a Embarazo Adolescente 
650 |a Embarazo -  |x Complicaciones 
650 |a Lactancia 
650 |a Menopausia 
650 |a Depresión 
650 |a Enfermedades -  |x Prevención 
650 |a Ginecología 
650 |a Obstetricia 
650 |a Salud 
700 |a Hernández Escobar, Claudia Eugenia  |e (autor) 
700 |a Zamora Morales, María Teresa  |e (autor) 
910 |a Fondo General 
920 |a Impresos - Libros 
930 |a Colección General 
905 |a 101 
901 |a 0500298050  |b IT1  |c ACC  |i C ITE 159260  |u 20250521 
902 |a https://opac.biblio.iteso.mx/vufind/Record/000402554